1980 JCT Standard Form of Building Contract: a commentary for students and practitioners (Record no. 95871)

MARC details
000 -LEADER
fixed length control field 00532cam a2200193 4500
001 - CONTROL NUMBER
control field D3703
008 - FIXED-LENGTH DATA ELEMENTS--GENERAL INFORMATION
fixed length control field 090401t1981 xxu||||| |||| 00| 0 eng d
035 ## - SYSTEM CONTROL NUMBER
System control number (Sirsi) u74518
041 ## - LANGUAGE CODE
Language code of text/sound track or separate title eng
050 ## - LIBRARY OF CONGRESS CALL NUMBER
Classification number 692.8
100 ## - MAIN ENTRY--PERSONAL NAME
Personal name Fellows, R.F.
245 ## - TITLE STATEMENT
Title 1980 JCT Standard Form of Building Contract: a commentary for students and practitioners
260 ## - PUBLICATION, DISTRIBUTION, ETC.
Place of publication, distribution, etc. London
Name of publisher, distributor, etc. MacMillan Press
Date of publication, distribution, etc. 1981
300 ## - PHYSICAL DESCRIPTION
Extent x. 165p. 23cm
350 ## - PRICE (NR) (BK AM CF MU VM SE) [OBSOLETE]
Price 3.95
490 ## - SERIES STATEMENT
Series statement MacMillan Building and Surveying Series
942 ## - ADDED ENTRY ELEMENTS (KOHA)
Suppress in OPAC 0
948 ## - LOCAL PROCESSING INFORMATION (OCLC); SERIES PART DESIGNATOR (RLIN)
c (OCLC) 04/03/1997
Holdings
Withdrawn status Lost status Source of classification or shelving scheme Damaged status Not for loan Home library Current library Shelving location Date acquired Cost, normal purchase price Total Checkouts Full call number Barcode Date last seen Copy number Cost, replacement price Price effective from Koha item type
    Dewey Decimal Classification     London London Basement 14/09/1999 3.95   SHELF 115 30018503 06/08/2019 1 3.95 06/08/2019 Book